Stolice Krajów Europy - Statystyki

Ogólne statystyki
  • Ten quiz został rozwiązany 181 razy
  • Średni wynik to 32 z 47
Statystyki odpowiedzi
Kraj Stolica % Poprawnych
Polska Warszawa
94%
Niemcy Berlin
91%
Francja Paryż
90%
Rosja Moskwa
88%
Czechy Praga
87%
Włochy Rzym
87%
Ukraina Kijów
85%
Wielka Brytania Londyn
83%
Hiszpania Madryt
83%
Grecja Ateny
82%
Dania Kopenhaga
80%
Watykan Watykan
78%
Białoruś Mińsk
77%
Norwegia Oslo
77%
Austria Wiedeń
76%
Luksemburg Luksemburg
75%
Monako Monako
75%
San Marino San Marino
75%
Litwa Wilno
75%
Andora Andora
73%
Belgia Bruksela
73%
Finlandia Helsinki
73%
Portugalia Lizbona
73%
Niderlandy Amsterdam
72%
Chorwacja Zagrzeb
71%
Łotwa Ryga
70%
Bułgaria Sofia
69%
Szwecja Sztokholm
67%
Irlandia Dublin
65%
Rumunia Bukareszt
64%
Węgry Budapeszt
63%
Słowacja Bratysława
60%
Bośnia i Hercegowina Sarajewo
57%
Albania Tirana
57%
Szwajcaria Berno
55%
Turcja Ankara
54%
Malta Valletta
52%
Islandia Reykjavik
50%
Serbia Belgrad
46%
Czarnogóra Podgorica
46%
Mołdawia Kiszyniów
45%
Liechtenstein Vaduz
44%
Kosowo Prisztina
43%
Słowenia Lublana
40%
Macedonia Północna Skopje
39%
Kazachstan Nur-Sułtan
38%
Estonia Talinn
38%
Nie znaleziono quizów pasujących do podanych kryteriów
Rozkład punktacji
Procent ludzi z każdym wynikiem
Percentyl według liczby udzielonych odpowiedzi
Twoja historia wyników
Nie rozwiązałeś tego quizu